| 000 | 00000nam 2200000zi 4500 |
| 001 | 9.875403 |
| 003 | CaOODSP |
| 005 | 20221107164440 |
| 006 | m o d f |
| 007 | cr cn||||||||| |
| 008 | 190624t20192019onc ob f000 0 fre d |
| 020 | |a9780660315676 |
| 040 | |aCaOODSP|bfre|erda|cCaOODSP |
| 043 | |an-cn--- |
| 045 | |ay1y1 |
| 086 | 1 |aH21-312/2019F-PDF |
| 245 | 00|aEnquête canadienne sur le cannabis 2019 : |brapport méthodologique / |cpréparé pour Santé Canada. |
| 264 | 1|aOttawa, Ontario : |bSanté Canada = Health Canada, |c2019. |
| 264 | 4|c©2019 |
| 300 | |a1 ressource en ligne (89 pages) + |esommaire exécutif + tableaux des données |
| 336 | |atexte|btxt|2rdacontent/fre |
| 337 | |ainformatique|bc|2rdamedia/fre |
| 338 | |aressource en ligne|bcr|2rdacarrier/fre |
| 500 | |aPublié aussi en anglais sous le titre : The Canadian cannabis survey 2019: methodological report. |
| 500 | |a« Nom du fournisseur : Advanis Inc. » |
| 500 | |a« Numéro de contrat : HT372-184451 001 CY. » |
| 500 | |a« Numéro d'enregistrement : POR 130-18. » |
| 500 | |a« Juin 2019. » |
| 500 | |aLe rapport méthodologique et le sommaire exécutif et publié aussi en format HTML. |
| 504 | |aComprend des références bibliographiques. |
| 650 | 6|aCannabis|zCanada|xOpinion publique. |
| 650 | 6|aMarijuana|zCanada|xOpinion publique. |
| 650 | 6|aMarijuana|xAbus|zCanada|xOpinion publique. |
| 650 | 6|aMarijuana|xEmploi en thérapeutique|zCanada|xOpinion publique. |
| 650 | 6|aOpinion publique|zCanada. |
| 710 | 2 |aAdvanis (Firme) |
| 710 | 1 |aCanada. |bSanté Canada. |
| 775 | 08|tThe Canadian cannabis survey 2019 : |w(CaOODSP)9.875402 |
| 794 | |tEnquête canadienne sur le cannabis 2020 : |w(CaOODSP)9.890941 |
| 795 | |tEnquête canadienne sur le cannabis 2018 |w(CaOODSP)9.859293 |
| 856 | 40|qPDF|s1.35 Mo|uhttps://publications.gc.ca/collections/collection_2019/sc-hc/H21-312-2019-fra.pdf|z(rapport méthodologique) |
| 856 | 40|qPDF|s156 Ko|uhttps://publications.gc.ca/collections/collection_2019/sc-hc/H21-312-2019-1-fra.pdf|z(sommaire exécutif) |
| 856 | 40|qPDF|s3.66 Mo|uhttps://publications.gc.ca/collections/collection_2019/sc-hc/H21-312-2019-2-fra.pdf|z(tableaux des données) |
| 856 | 4 |qHTML|sS.O.|uhttp://epe.lac-bac.gc.ca/100/200/301/pwgsc-tpsgc/por-ef/health/2019/130-18-f/The-Canadian-Cannabis-Survey-2019-Methodological-Report-fra.html|z(rapport méthodologique) |
| 856 | 4 |qHTML|sS.O.|uhttp://epe.lac-bac.gc.ca/100/200/301/pwgsc-tpsgc/por-ef/health/2019/130-18-f/sommaire/The-Canadian-Cannabis-Survey-2019-Executive-Summary-fra.html|z(sommaire exécutif) |